<?xml version="1.0" encoding="UTF-8"?>
<record
    xmlns:xsi="http://www.w3.org/2001/XMLSchema-instance"
    xsi:schemaLocation="http://www.loc.gov/MARC21/slim http://www.loc.gov/standards/marcxml/schema/MARC21slim.xsd"
    xmlns="http://www.loc.gov/MARC21/slim">

  <leader>02549ncm0a2200445   4500</leader>
  <controlfield tag="001">RU\NLR\ONIZ\227127</controlfield>
  <controlfield tag="005">20260406115129.0</controlfield>
  <datafield tag="035" ind1=" " ind2=" ">
    <subfield code="a">RU\NLR\ONIZ\GALA\5000035528\20191112153855</subfield>
  </datafield>
  <datafield tag="035" ind1=" " ind2=" ">
    <subfield code="a">(NLR Aleph) 012136974</subfield>
  </datafield>
  <datafield tag="090" ind1=" " ind2=" ">
    <subfield code="a">12077314</subfield>
    <subfield code="c">12077314</subfield>
  </datafield>
  <datafield tag="100" ind1=" " ind2=" ">
    <subfield code="a">20191112d2014    |||y0rusy50      ca</subfield>
  </datafield>
  <datafield tag="101" ind1="0" ind2=" ">
    <subfield code="a">rus</subfield>
  </datafield>
  <datafield tag="102" ind1=" " ind2=" ">
    <subfield code="a">RU</subfield>
  </datafield>
  <datafield tag="125" ind1=" " ind2=" ">
    <subfield code="a">ax</subfield>
  </datafield>
  <datafield tag="200" ind1="1" ind2=" ">
    <subfield code="a">"&#x42D;&#x442;&#x43E; &#x43C;&#x438;&#x440; &#x43E;&#x447;&#x430;&#x440;&#x43E;&#x432;&#x430;&#x43D;&#x438;&#x439;"</subfield>
    <subfield code="b">&#x41D;&#x43E;&#x442;&#x44B;</subfield>
    <subfield code="e">3 &#x445;&#x43E;&#x440;&#x430; &#x43D;&#x430; &#x441;&#x442;&#x438;&#x445;&#x438; &#x440;&#x443;&#x441;&#x441;&#x43A;&#x438;&#x445; &#x43F;&#x43E;&#x44D;&#x442;&#x43E;&#x432; &#x41C;. &#x41B;&#x435;&#x440;&#x43C;&#x43E;&#x43D;&#x442;&#x43E;&#x432;&#x430;, &#x410;. &#x424;&#x435;&#x442;&#x430;, &#x412;. &#x411;&#x440;&#x44E;&#x441;&#x43E;&#x432;&#x430;</subfield>
    <subfield code="e">&#x434;&#x43B;&#x44F; &#x436;&#x435;&#x43D;. &#x438;&#x43B;&#x438; &#x434;&#x435;&#x442;. &#x445;&#x43E;&#x440;&#x430; &#x431;&#x435;&#x437; &#x441;&#x43E;&#x43F;&#x440;&#x43E;&#x432;&#x43E;&#x436;&#x434;.</subfield>
    <subfield code="f">&#x412;. &#x424;&#x430;&#x434;&#x435;&#x435;&#x432;</subfield>
  </datafield>
  <datafield tag="210" ind1=" " ind2=" ">
    <subfield code="a">&#x421;&#x430;&#x43D;&#x43A;&#x442;-&#x41F;&#x435;&#x442;&#x435;&#x440;&#x431;&#x443;&#x440;&#x433;</subfield>
    <subfield code="c">&#x41C;&#x424; &#x421;&#x430;&#x43D;&#x43A;&#x442;-&#x41F;&#x435;&#x442;&#x435;&#x440;&#x431;&#x443;&#x440;&#x433;&#x430;</subfield>
    <subfield code="d">cop. 2014</subfield>
  </datafield>
  <datafield tag="215" ind1=" " ind2=" ">
    <subfield code="a">17 &#x441;.</subfield>
    <subfield code="d">30 &#x441;&#x43C;</subfield>
  </datafield>
  <datafield tag="300" ind1=" " ind2=" ">
    <subfield code="a">&#x410;&#x432;&#x442;&#x43E;&#x433;&#x440;. &#x430;&#x432;&#x442;. &#x43D;&#x430; &#x441;. 2 &#x43E;&#x431;&#x43B;.</subfield>
  </datafield>
  <datafield tag="300" ind1=" " ind2=" ">
    <subfield code="a">&#x41A;&#x440;&#x430;&#x442;. &#x431;&#x438;&#x43E;&#x433;&#x440;. &#x441;&#x43F;&#x440;&#x430;&#x432;&#x43A;&#x430;: &#x441;. 4 &#x43E;&#x431;&#x43B;.</subfield>
  </datafield>
  <datafield tag="327" ind1="1" ind2=" ">
    <subfield code="a">1. &#x41A;&#x43E;&#x433;&#x434;&#x430; &#x432;&#x43E;&#x43B;&#x43D;&#x443;&#x435;&#x442;&#x441;&#x44F; &#x436;&#x435;&#x43B;&#x442;&#x435;&#x44E;&#x449;&#x430;&#x44F; &#x43D;&#x438;&#x432;&#x430; / &#x441;&#x442;&#x438;&#x445;&#x438; &#x41C;. &#x41B;&#x435;&#x440;&#x43C;&#x43E;&#x43D;&#x442;&#x43E;&#x432;&#x430; ; 2. &#x420;&#x430;&#x441;&#x442;&#x443;&#x442;, &#x440;&#x430;&#x441;&#x442;&#x443;&#x442; &#x43F;&#x440;&#x438;&#x447;&#x443;&#x434;&#x43B;&#x438;&#x432;&#x44B;&#x435; &#x442;&#x435;&#x43D;&#x438;... / &#x441;&#x442;&#x438;&#x445;&#x438; &#x410;. &#x424;&#x435;&#x442;&#x430; ; 3. &#x42D;&#x442;&#x43E; &#x43C;&#x438;&#x440; &#x43E;&#x447;&#x430;&#x440;&#x43E;&#x432;&#x430;&#x43D;&#x438;&#x439;... / &#x441;&#x442;&#x438;&#x445;&#x438; &#x412;. &#x411;&#x440;&#x44E;&#x441;&#x43E;&#x432;&#x430;</subfield>
  </datafield>
  <datafield tag="606" ind1="1" ind2=" ">
    <subfield code="a">&#x41C;&#x443;&#x437;&#x44B;&#x43A;&#x430; &#x434;&#x43B;&#x44F; &#x436;&#x435;&#x43D;&#x441;&#x43A;&#x43E;&#x433;&#x43E; &#x445;&#x43E;&#x440;&#x430; &#x431;&#x435;&#x437; &#x441;&#x43E;&#x43F;&#x440;&#x43E;&#x432;&#x43E;&#x436;&#x434;&#x435;&#x43D;&#x438;&#x44F;</subfield>
    <subfield code="y">&#x420;&#x43E;&#x441;&#x441;&#x438;&#x44F;</subfield>
    <subfield code="z">20-21 &#x432;&#x432;.</subfield>
    <subfield code="2">nlr_sh</subfield>
  </datafield>
  <datafield tag="606" ind1="1" ind2=" ">
    <subfield code="a">&#x41C;&#x443;&#x437;&#x44B;&#x43A;&#x430; &#x434;&#x43B;&#x44F; &#x434;&#x435;&#x442;&#x441;&#x43A;&#x43E;&#x433;&#x43E; &#x445;&#x43E;&#x440;&#x430; &#x431;&#x435;&#x437; &#x441;&#x43E;&#x43F;&#x440;&#x43E;&#x432;&#x43E;&#x436;&#x434;&#x435;&#x43D;&#x438;&#x44F;</subfield>
    <subfield code="y">&#x420;&#x43E;&#x441;&#x441;&#x438;&#x44F;</subfield>
    <subfield code="z">20-21 &#x432;&#x432;.</subfield>
    <subfield code="2">nlr_sh</subfield>
  </datafield>
  <datafield tag="686" ind1=" " ind2=" ">
    <subfield code="a">&#x429;941.2-0-043.2(2&#x420;=&#x420;)</subfield>
    <subfield code="v">LBC/SL</subfield>
    <subfield code="2">rubbk</subfield>
  </datafield>
  <datafield tag="686" ind1=" " ind2=" ">
    <subfield code="a">&#x429;941.8-0-043.2(2&#x420;=&#x420;)</subfield>
    <subfield code="v">LBC/SL</subfield>
    <subfield code="2">rubbk</subfield>
  </datafield>
  <datafield tag="700" ind1=" " ind2="1">
    <subfield code="9">z01790</subfield>
    <subfield code="a">&#x424;&#x430;&#x434;&#x435;&#x435;&#x432;</subfield>
    <subfield code="b">&#x412;. &#x41E;.</subfield>
    <subfield code="f">1946-</subfield>
    <subfield code="g">&#x412;&#x430;&#x43B;&#x435;&#x440;&#x438;&#x439; &#x41E;&#x43B;&#x435;&#x433;&#x43E;&#x432;&#x438;&#x447;</subfield>
    <subfield code="4">230</subfield>
    <subfield code="7">ca</subfield>
  </datafield>
  <datafield tag="702" ind1=" " ind2="1">
    <subfield code="4">520</subfield>
    <subfield code="8">rus</subfield>
    <subfield code="7">ca</subfield>
    <subfield code="a">&#x41B;&#x435;&#x440;&#x43C;&#x43E;&#x43D;&#x442;&#x43E;&#x432;</subfield>
    <subfield code="b">&#x41C;. &#x42E;.</subfield>
    <subfield code="c">&#x43F;&#x43E;&#x44D;&#x442;</subfield>
    <subfield code="f">1814-1841</subfield>
    <subfield code="g">&#x41C;&#x438;&#x445;&#x430;&#x438;&#x43B; &#x42E;&#x440;&#x44C;&#x435;&#x432;&#x438;&#x447;</subfield>
    <subfield code="3">RU\NLR\auth\77328</subfield>
    <subfield code="9">110383</subfield>
  </datafield>
  <datafield tag="702" ind1=" " ind2="1">
    <subfield code="9">z03790</subfield>
    <subfield code="a">&#x424;&#x435;&#x442;</subfield>
    <subfield code="b">&#x410;. &#x410;.</subfield>
    <subfield code="f">1820 - 1892</subfield>
    <subfield code="g">&#x410;&#x444;&#x430;&#x43D;&#x430;&#x441;&#x438;&#x439; &#x410;&#x444;&#x430;&#x43D;&#x430;&#x441;&#x44C;&#x435;&#x432;&#x438;&#x447;</subfield>
    <subfield code="4">520</subfield>
    <subfield code="7">ca</subfield>
  </datafield>
  <datafield tag="702" ind1=" " ind2="1">
    <subfield code="9">z04790</subfield>
    <subfield code="a">&#x411;&#x440;&#x44E;&#x441;&#x43E;&#x432;</subfield>
    <subfield code="b">&#x412;. &#x42F;.</subfield>
    <subfield code="f">1873-1924</subfield>
    <subfield code="g">&#x412;&#x430;&#x43B;&#x435;&#x440;&#x438;&#x439; &#x42F;&#x43A;&#x43E;&#x432;&#x43B;&#x435;&#x432;&#x438;&#x447;</subfield>
    <subfield code="4">520</subfield>
    <subfield code="7">ca</subfield>
  </datafield>
  <datafield tag="790" ind1=" " ind2="1">
    <subfield code="9">z01700</subfield>
    <subfield code="a">Fadeev</subfield>
    <subfield code="b">V. O.</subfield>
    <subfield code="f">1946-</subfield>
    <subfield code="g">Valerij Olegovi&#x10D;</subfield>
    <subfield code="4">230</subfield>
    <subfield code="7">ba</subfield>
  </datafield>
  <datafield tag="790" ind1=" " ind2="1">
    <subfield code="4">520</subfield>
    <subfield code="8">rus</subfield>
    <subfield code="7">ca</subfield>
    <subfield code="a">&#x41B;&#x435;&#x440;&#x43C;&#x43E;&#x43D;&#x442;&#x43E;&#x432;</subfield>
    <subfield code="b">&#x41C;. &#x42E;.</subfield>
    <subfield code="c">&#x43F;&#x43E;&#x44D;&#x442;</subfield>
    <subfield code="f">1814-1841</subfield>
    <subfield code="g">&#x41C;&#x438;&#x445;&#x430;&#x438;&#x43B; &#x42E;&#x440;&#x44C;&#x435;&#x432;&#x438;&#x447;</subfield>
    <subfield code="3">RU\NLR\auth\77328</subfield>
    <subfield code="9">110383</subfield>
  </datafield>
  <datafield tag="790" ind1=" " ind2="1">
    <subfield code="9">z03702</subfield>
    <subfield code="a">Fet</subfield>
    <subfield code="b">A. A.</subfield>
    <subfield code="f">1820 - 1892</subfield>
    <subfield code="g">Afanasij Afanas`evi&#x10D;</subfield>
    <subfield code="4">520</subfield>
    <subfield code="7">ba</subfield>
  </datafield>
  <datafield tag="790" ind1=" " ind2="1">
    <subfield code="9">z04702</subfield>
    <subfield code="a">Brjusov</subfield>
    <subfield code="b">V. J.</subfield>
    <subfield code="f">1873-1924</subfield>
    <subfield code="g">Valerij Jakovlevi&#x10D;</subfield>
    <subfield code="4">520</subfield>
    <subfield code="7">ba</subfield>
  </datafield>
  <datafield tag="801" ind1=" " ind2="0">
    <subfield code="a">RU</subfield>
    <subfield code="b">NLR</subfield>
    <subfield code="c">20191112</subfield>
    <subfield code="g">PSBO</subfield>
  </datafield>
  <datafield tag="801" ind1=" " ind2="1">
    <subfield code="a">RU</subfield>
    <subfield code="b">NLR</subfield>
    <subfield code="c">20191112</subfield>
    <subfield code="2">rusmarc</subfield>
  </datafield>
  <datafield tag="801" ind1=" " ind2="2">
    <subfield code="a">RU</subfield>
    <subfield code="b">NLR</subfield>
    <subfield code="c">20191112</subfield>
  </datafield>
  <datafield tag="852" ind1=" " ind2=" ">
    <subfield code="a">NLR</subfield>
    <subfield code="b">&#x41C;</subfield>
    <subfield code="j">986/1045</subfield>
    <subfield code="p">268284</subfield>
    <subfield code="t">1</subfield>
  </datafield>
  <datafield tag="942" ind1=" " ind2=" ">
    <subfield code="c">SCORE</subfield>
  </datafield>
  <datafield tag="980" ind1=" " ind2=" ">
    <subfield code="a">NB</subfield>
  </datafield>
  <datafield tag="980" ind1=" " ind2=" ">
    <subfield code="a">ONIZ</subfield>
  </datafield>
  <datafield tag="995" ind1=" " ind2=" ">
    <subfield code="5">2019-11-12</subfield>
    <subfield code="b">NLR01</subfield>
    <subfield code="c">NLR01</subfield>
    <subfield code="e">ONIZ</subfield>
    <subfield code="k">986/1045 986/1045</subfield>
    <subfield code="o">0</subfield>
    <subfield code="r">SCORE</subfield>
    <subfield code="s">9861045_9861045</subfield>
  </datafield>
</record>
